| 000 | 00651nam a2200193 a 4500 | ||
|---|---|---|---|
| 001 | 000024263 | ||
| 003 | DO-SdBNP | ||
| 005 | 20240315190248.0 | ||
| 008 | 110125s2010 dr 000 0 spa d | ||
| 040 |
_aDO-SdBNP _bspa _cBNPHU |
||
| 082 |
_a348.04 _bS941d |
||
| 100 |
_aSubero Isa, Jorge A _981990 |
||
| 245 | 1 | 4 |
_aLas decisiones jurisdiccionales del presidente de la Suprema Corte de Justicia. / _cJorge A. Subero Isa. |
| 260 |
_aSanto Domingo : _bCoripio, _c2010. |
||
| 300 |
_a533 p. ; _c24 cm. |
||
| 610 | 2 | 4 |
_aSUPREMA CORTE DE JUSTICIA _zREPÚBLICA DOMINICANA _949809 |
| 650 | 4 |
_aJurisprudencia _zRepública Dominicana _921317 |
|
| 942 |
_2ddc _cLBS1 |
||
| 999 |
_c23757 _d23757 |
||